000 00696nam a2200241 i 4500
001 bg
100 1 _aHącia, Lechosław.
245 1 0 _aElementy analizy matematycznej dla studentów uczelni technicznych /
_cLechosław Hącia.
260 _aPoznań :
_bWydawnictwo Politechniki Poznańskiej,
_c2007.
300 _a221, [1] s. :
_bil. ;
_c24 cm.
504 _aBibliogr. s. [222].
650 9 _aAnaliza matematyczna
655 _aPodręczniki akademickie
015 _aPB 16906/2007
020 _a9788371433245
040 _cBPK
041 _apol
044 _aPOL
080 _a517(075.8)
920 _a978-83-7143-324-5
942 _cKS
008 070820s2007 pl a |000 0 pol
999 _c54746
_d54746
856 _uhttp://koha.tu.koszalin.pl/cgi-bin/koha/opac-detail.pl?biblionumber=54746
_yKatalog online BPK